Statistiques concernant Meilleurs buteurs par club Bundesliga 2022/2023

Cliquez ici pour prendre le quiz!

Statistiques générales

  • Ce quiz a été pris 44 fois
  • Le résultat moyen est 7 sur 18

Statistiques - réponses

ClubNomNombre de but% Correct
RB LeipzigChristopher Nkunku16
85%
Eintracht FrancfortRandal Kolo Muani15
83%
Bayern MunichSerge Gnabry14
73%
B. MönchengladbachMarcus Thuram13
68%
Bayer LeverkusenMoussa Diaby9
63%
Werder BrêmeNiclas Fullkrug16
63%
HoffenheimAndrej Kramaric12
50%
Borussia DortmundJulian Brandt9
43%
FribourgVincenzo Grifo15
40%
StuttgartSerhou Guirassy11
38%
Hertha BerlinDodi Lukebakio11
18%
Union BerlinSheraldo Becker11
18%
Schalke 04Marius Bulter11
13%
BochumPhilipp Hofmann8
8%
MayenceKarim Onisiwo10
5%
AugsburgMergim Berisha9
5%
WolfsburgYannick Gerhardt6
5%
FC CologneEllyes Skhiri7
3%

Distribution des résultats

Percentile par nombre de réponses

% des personnes avec chaque résultat

Votre développement - résultats

Vous n’avez pas pris ce quiz